Statistics for NFL Teams 3 Min Sprint

Click here to take the quiz!

General Stats

  • This quiz has been taken 14 times
  • The average score is 31 of 32

Answer Stats

AFC/NFCHint% Correct
BearsNorth
100%
BengalsNorth
100%
BillsEast
100%
BroncosWest
100%
ChargersWest
100%
ChiefsWest
100%
CowboysEast
100%
DolphinsEast
100%
EaglesEast
100%
FalconsSouth
100%
JetsEast
100%
LionsNorth
100%
RaidersWest
100%
RavensNorth
100%
SaintsSouth
100%
SeahawksWest
100%
VikingsNorth
100%
49ersWest
91%
BrownsNorth
91%
BuccaneersSouth
91%
CardinalsWest
91%
ColtsSouth
91%
CommandersEast
91%
GiantsEast
91%
JaguarsSouth
91%
PackersNorth
91%
PatriotsEast
91%
RamsWest
91%
SteelersNorth
91%
TexansSouth
91%
TitansSouth
91%
PanthersSouth
82%

Score Distribution

Percentile by Number Answered

Percent of People with Each Score

Your Score History

You have not taken this quiz